00647nam a22001697a 4500003000900000008004100009040007100050082001800121100002000139245002800159260004900187300002600236505017700262650001400439650001300453650001100466AR-CdUCM190222b ||||| |||| 00| 0 spa d aMUNICIPALIDAD PROVINCIAL DEL CUSCOcBIBLIOTECA MUNICIPAL DEL CUSCO a882.3 /bM97. aMurray, Gilbert aEuripides y su tiempo / aMéxicobFondo de cultura económicac1949 a201 paginas :c17 cm. aFuentes para la vida de Euripides -- Que es una tragedia Griega -- Los comienzos de la guerra: Los dramas de la madurez, de la Medea al Heracles -- El arte de Euripides ... aEuripides aTragedia aGuerra